1104 1436 1222 1274 1579 1062 1698 1664 1451 1139 1318 1658 1097 1011 1426 1067 1222 1860 1744 1894 1116 1736 1147 1017 1306 1654 1749 1692 1259 1169 1592 1215 1741 1258 1210 1808 1107 1140 1943 1855 1315 1875 1819 1910 1270 1764 1316 1676 1055 1543 1085 1592 1894 1447 1890 1085 1810 1268 1526 1708 1256 1658 1451 1631 1267 1772 1523 1544 1095 1253 1293 1189 1299 1733 1635 1622 1912 1464 1614 1870 1267 1233 1005 1207 1769 1085 1801 1166 1733 1926 1338 1258 1829 1614 1816 1323 1125 1873 1333 BCNSPRNW ULIB Ver.6.0+V

เปลี่ยนเป็นภาษาไทย

Change to English
 แสดงรายละเอียดบรรณานุกรม
  กลับหน้าหลัก

Brief Record : Get Marc (ISO 2709) : E-mail record : QR code < ปิดหน้าต่าง
LEADER : 00000nam 2200000uu 4500
001    13399110440
003     ULIB
008    110530s2011||||th 000 0 eng d
020    9780781796163
060 04 QY39^bD924N 2011
100 1  Dunning, Marshall Barnett
245 10 Nurses quick reference to common laboratory anddiagnostic tests /^cMarshall Barnett Dunning III, Frances Talaska Fischbach
246 3  Nurses quick reference to common laboratory and diagnostictests
250    5th ed.
260    Philadelphia :^bWolters Kluwer Health/Lippincott Williams& Wilkins,^c2011
300    xix, 683 p. :^bill. ;^c19 cm.
504    Includes bibliographical references and index
650  2 Laboratory Techniques and Procedures
650  2 Diagnostic Tests, Routine
650  2 Nursing Diagnosis
700 1  Fischbach, Frances Talaska
945    ^p0^l0^i030098
995    Tossapron
999 ^a ใช้งานได้ทุกระบบ
รายการนี้ยังไม่มีแท็ก
คุณยังไม่ได้ล็อกอิน คุณสามารถมีกิจกรรมร่วมกับเว็บไซต์ได้ แต่ต้องล็อกอินก่อน ::
  ล็อกอิน

รายการสื่อสารสนเทศ

ลำดับที่ ประเภท เลขเรียก/บาร์โค้ด สถานที่ สถานะ
- ไม่พบข้อมูล -

รายการใกล้เคียง
    หัวเรื่อง [Diagnostic Tests, Routine]
    หัวเรื่อง [Nursing Diagnosis]

BibComment


ยังไม่เคยถูกคอมเมนท์

คอมเมนท์ทรัพยากรรายการนี้
  คอมเมนท์: Nurses quick refe..


 Copyright 2026. Bcnsprnw @Library